Players Who have Won the UCL with Multiple Clubs - Statistics

General Stats
  • This quiz has been taken 318 times
    113 since last reset
  • The average score is 16 of 27
Answer Stats
Answer % Correct
Cristiano Ronaldo
100%
Samuel Eto'o
97%
Toni Kroos
92%
Gerard Pique
90%
David Alaba
88%
Xabi Alonso
88%
Deco
85%
Clarence Seedorf
82%
Antonio Rudiger
81%
Xherdan Shaqiri
77%
Mateo Kovacic
75%
Edwin van der Sar
70%
Thiago Alcantara
68%
Lucas Hernandez
60%
Scott Carson
52%
Kepa Arrizabalaga
51%
Owen Hargreaves
45%
Didier Deschamps
44%
Nicolas Anelka
44%
Daniel Sturridge
41%
Marcel Desailly
40%
Bosingwa
37%
Thiago Motta
37%
Fernando Redondo
29%
Paulo Ferreira
27%
Christian Panucci
18%
Paulo Sousa
18%
No matching quizzes found
Score Distribution
Percent of People with Each Score
Percentile by Number Answered
Your Score History
You have not taken this quiz since the last reset